| 000 | 00540nam a2200193Ia 4500 | ||
|---|---|---|---|
| 005 | 20260429112046.0 | ||
| 008 | 260429s9999||||xx |||||||||||||| ||und|| | ||
| 020 | _a9781835352885 | ||
| 041 | _aEnglish | ||
| 082 |
_a515.35 _bSCH |
||
| 100 | _aSchell, Sabrina | ||
| 245 | 0 |
_aIntroduction to advanced differential equations / _cSabrina Schell |
|
| 250 | _a1st ed. | ||
| 260 |
_aLondon : _bETP ED- Tech Press, _c2025. |
||
| 300 | _axi, 363 p.; hb | ||
| 650 | _a Advanced mathematics | ||
| 650 | _aDifferential equations | ||
| 942 | _cTB | ||
| 999 |
_c52135 _d52135 |
||